| 000 | 00547 a2200181 4500 | ||
|---|---|---|---|
| 001 | 143700 | ||
| 040 | _cLeonardo Da Vinci | ||
| 041 | _aPortuguês | ||
| 082 |
_a796.44 D561g _bD561g |
||
| 100 |
_aDIEM, L _aSCHOLTZEMETHNER, R |
||
| 245 | _aGinástica escolar especial | ||
| 260 |
_bEntrelivros Cultural _c1978 _aRio de Janeiro |
||
| 300 | _a95 | ||
| 362 | _a19780000 | ||
| 500 | _aTradução de Astrid Schiwalm | ||
| 697 |
_aEducação Física _aEnsino _aEsportes _aGinástica escolar _aCoordenação Motora _aDeficiência muscular |
||
| 942 | _cBK | ||
| 999 |
_c143700 _d143700 |
||